000 00313 a2200145 4500
001 155670
040 _cEscola São Tomás de Aquino
100 _aBANDEIRA, Manuel
240 1 0 _aManuel Bandeira
_lpor
245 1 0 _aManuel Bandeira
300 _a104
362 0 _a1981
697 _aGENERALIDADES
942 _cBK
999 _c155670
_d155670